Perspectives on Indian history, historiography, and philosophy of history / (Record no. 66550)

MARC details
000 -LEADER
fixed length control field 01190nam a22003137a 4500
005 - DATE AND TIME OF LATEST TRANSACTION
control field 20120514101855.0
008 - FIXED-LENGTH DATA ELEMENTS--GENERAL INFORMATION
fixed length control field 120514t xxu||||| |||| 00| 0 eng d
010 ## - LCCN (DPL NO)
LC control number ENG-105252
020 ## - INTERNATIONAL STANDARD BOOK NUMBER
International Standard Book Number 9788124604878
Terms of availability 780.00
020 ## - INTERNATIONAL STANDARD BOOK NUMBER
International Standard Book Number 8124604878
Terms of availability 780.00
035 ## - SYSTEM CONTROL NUMBER
System control number EN-88785
037 ## - SOURCE OF ACQUISITION
Source of stock number/acquisition DBAD/PUB
040 ## - CATALOGING SOURCE
Original cataloging agency DPL
Language of cataloging Eng
082 ## - DEWEY DECIMAL CLASSIFICATION NUMBER
Classification number 954
100 ## - MAIN ENTRY--PERSONAL NAME
9 (RLIN) 46773
Personal name Singh, G. P.
245 ## - TITLE STATEMENT
Title Perspectives on Indian history, historiography, and philosophy of history /
Statement of responsibility, etc by G.P. Singh
246 ## - VARYING FORM OF TITLE
Title proper/short title Indian history, historiography, and philosophy of history
260 ## - PUBLICATION, DISTRIBUTION, ETC. (IMPRINT)
Place of publication, distribution, etc New Delhi
Name of publisher, distributor, etc D.K. Printworld
Date of publication, distribution, etc 2009
270 ## - ADDRESS
Address 'Srikunj', F-52, Bali Nagar, Ramesh Nagar Metro Station
City New Delhi
Postal code 15
300 ## - PHYSICAL DESCRIPTION
Extent xiv, 342 p.
Dimensions 23cm(Hb)
500 ## - GENERAL NOTE
General note Includes bibliographical references and index
500 ## - GENERAL NOTE
General note Collection of articles previously published.
650 ## - SUBJECT ADDED ENTRY--TOPICAL TERM
Topical term or geographic name as entry element History
General subdivision Philosophy.
9 (RLIN) 47013
651 ## - SUBJECT ADDED ENTRY--GEOGRAPHIC NAME
Geographic name India
General subdivision History.
9 (RLIN) 638
651 ## - SUBJECT ADDED ENTRY--GEOGRAPHIC NAME
Geographic name India
General subdivision Antiquities.
9 (RLIN) 47014
651 ## - SUBJECT ADDED ENTRY--GEOGRAPHIC NAME
Geographic name India
General subdivision Historiography.
9 (RLIN) 47015
942 ## - ADDED ENTRY ELEMENTS (KOHA)
Source of classification or shelving scheme Dewey Decimal Classification
Item type English Books
Classification part 954
Call number suffix SIN
Holdings
Withdrawn status Lost status Source of classification or shelving scheme Damaged status Not for loan Collection code Home library Current library Date acquired Source of acquisition Cost, normal purchase price Total Checkouts Full call number Barcode Date last seen Copy number Cost, replacement price Koha item type
    Dewey Decimal Classification   Not For Loan Non-fiction D.B.Act.Division D.B.Act.Division 14/05/2012 DBAD/PUB 780.00   954 SIN EN-88785 14/05/2012 1 780.00 English Books

© Delhi Public Library
Hit Counter
free hit counter